Dhruva carita. (Record no. 79034)

MARC details
000 -LEADER
fixed length control field 00604cam a22002411 4500
001 - CONTROL NUMBER
control field sa 68002847
003 - CONTROL NUMBER IDENTIFIER
control field DLC
005 - DATE AND TIME OF LATEST TRANSACTION
control field 20260227112447.0
008 - FIXED-LENGTH DATA ELEMENTS--GENERAL INFORMATION
fixed length control field 890606s1958 np b 000 0 nepo
010 ## - LIBRARY OF CONGRESS CONTROL NUMBER
LC control number sa 68002847
035 ## - SYSTEM CONTROL NUMBER
System control number (OCoLC)19824911
040 ## - CATALOGING SOURCE
Original cataloging agency DLC
Transcribing agency WaU
Modifying agency DLC
042 ## - AUTHENTICATION CODE
Authentication code premarc
050 00 - LIBRARY OF CONGRESS CALL NUMBER
Classification number PK2598.H3
Item number D48 1958
100 0# - MAIN ENTRY--PERSONAL NAME
Personal name Haridāsa,
Dates associated with a name 1848?-
245 10 - TITLE STATEMENT
Title Dhruva carita.
260 ## - PUBLICATION, DISTRIBUTION, ETC.
Date of publication, distribution, etc. [1958/59]
300 ## - PHYSICAL DESCRIPTION
Extent 13, 11, [3] p.
Dimensions 19 cm.
500 ## - GENERAL NOTE
General note In Nepali.
500 ## - GENERAL NOTE
General note A poem.
504 ## - BIBLIOGRAPHY, ETC. NOTE
Bibliography, etc. note Bibliography : p. [13]-[14]
700 1# - ADDED ENTRY--PERSONAL NAME
Personal name Dixit, Kamalmani Acharya,
Dates associated with a name 1929-

No items available.

Powered by Koha